| 000 | 00754nam a2200193 a 4500 | ||
|---|---|---|---|
| 003 | 0 | ||
| 005 | 20250320084817.0 | ||
| 008 | 090806s19uu xx 00 eng d | ||
| 050 |
_aPHS TX 558.G5 _b.J11 2008 |
||
| 100 | _aJamias, Marian Gianina M. | ||
| 245 |
_aEffect of storage temperature of ginger (Zingiber officinale) extract on Streptococcus pyogenes / _cMarian Gianina M. Jamias. |
||
| 260 |
_aLas PiƱas City, Philippines : _bSouthville International School and Colleges, _c2008. |
||
| 300 |
_a15 pages : _billustrations ; _c28 cm. |
||
| 504 | _aIncludes bibliographical references. | ||
| 650 |
_aGinger _xStorage. |
||
| 650 |
_aStreptococcus pyogenes _xEffect of temperature. |
||
| 650 |
_aTemperature _xPhysiological effect. |
||
| 942 |
_2lcc _cPASS |
||
| 999 |
_c98132 _d98132 |
||